Constitutions of South America Quiz Stats

 Plays Quiz not verified by Sporcle

Challenge
Share
Tweet
Embed
Score 0/12 Timer 05:00
0 Plays Today
% Correct
Colombia
100%
Paraguay
100%
Suriname
100%
Uruguay
100%
Venezuela
100%
Brazil
44.4%
Argentina
40.7%
Bolivia
33.3%
Chile
25.9%
Peru
22.2%
Ecuador
14.8%
Guyana
14.8%

You're not logged in!

Compare scores with friends on all Sporcle quizzes.
Join for Free
OR
Log In

Show Comments

Extras

Top Quizzes Today


Score Distribution

Your Account Isn't Verified!

In order to create a playlist on Sporcle, you need to verify the email address you used during registration. Go to your Sporcle Settings to finish the process.

Report this User

Report this user for behavior that violates our Community Guidelines.

Details: